Memorias de dos recién casadas

書誌詳細
第一著者: Balzac, Honorato de 1799-1850
フォーマット: キット
言語:Spanish
シリーズ:La comedia humana
主題:

MARC

LEADER 00000csc a2200000 a 4500
001 31509-2
005 20230308205624.0
008 962112|1959 ||||||||r|||||||||||spa||
040 |b spa 
041 1 |a spa 
082 0 |a 843.7 
100 1 |a Balzac, Honorato de  |d 1799-1850  |9 286473 
245 |a Memorias de dos recién casadas  |c Honorato de Balzac  |h imp 
264 |a México  |b Colección Malaga  |c 1959 
300 |a 601 páginas:  |c 22 cm 
490 |a La comedia humana  |n tomo 2 
505 |a  La mujer de treinta años. La mujer abandonada. El contrato de matrimonio. La grenadiere. Gobseck 
650 1 |a Novela francesa  |9 5028 
852 |a UC-CDJBV  |c ESTANTERIA CERRADA  |f Compra  |k margarita.gutierrez  |l 1  |m Limitada  |p 19621121  |t 31509-2  |b 1  |d CDRC  |e CDRC  |g 843.7 ESTANTERIA CERRADA  |z 1962-21-12 
942
999 |c 112158  |d 112158